Materie, metalli e sostanze (con foto) - Statistics

Statistiche generali
  • Questo quiz è stato fatto 65 volte
  • Il punteggio medio è 36 su 106
Statistiche sulle risposte
con Immagini Risposta % Corretto
rame
93%
argilla
90%
rubino
90%
acciaio
80%
calcare
80%
piuma
80%
argento
78%
colla
78%
inchiostro
78%
vetro
78%
cotone
75%
latta
70%
mattone
68%
anidride carbonica
65%
azoto
65%
gesso
65%
gomma
63%
seta
63%
carbone
60%
ceramica
60%
caffeina
58%
cartone
55%
quarzo
55%
smalto
55%
velluto
53%
cera
50%
fango
50%
vernice
50%
terracotta
48%
ambra
45%
cuoio
45%
ottone
45%
avorio
43%
lavagna
43%
microfibra
43%
acido cloridrico
40%
canapa
40%
carta vetrata
40%
granito
40%
marmo
40%
zolfo
40%
asfalto
38%
spago
38%
tegola
38%
amianto
35%
calcestruzzo
35%
amido
33%
lamiera
33%
lattosio
33%
porcellana
33%
bicarbonato di sodio
30%
caucciù
30%
feltro
30%
gesso
30%
idrogeno
30%
catrame
28%
cemento
28%
giada
28%
piombo
28%
ossigeno
25%
fosforo
23%
intonaco
23%
ovatta
23%
segatura
23%
cenere
20%
ghisa
20%
stucco
20%
brace
18%
fibra di vetro
18%
ghiaia
18%
lino
18%
alabastro
15%
cartone ondulato
15%
cristallo
15%
piastrella
15%
carbonio
13%
carta da parati
13%
filo di nylon
13%
malta
13%
selce
13%
siero del latte
13%
bambagia
10%
basalto
10%
bitume
10%
melma
10%
pece
10%
tizzone
10%
topazio
10%
cellulosa
8%
cippato
8%
fibra
8%
laterizio
8%
onice
8%
pelle scamosciata
8%
salgemma
8%
sampietrino
8%
torba
8%
acciaio inox
5%
ardesia
5%
felpa
5%
poliestere
5%
alpacca
3%
antracite
3%
graniglia
3%
pietrisco
3%
chinino
0%
Nessun quiz corrispondente trovato
Distribuzione punteggi
Percentuale di utenti per punteggio
Percentile per numero di risposta
I tuoi punteggi nel tempo
Non hai fatto questo quiz